| 000 | 00698nam a22002537a 4500 | ||
|---|---|---|---|
| 001 | 28941 | ||
| 003 | UA-OsUOA | ||
| 005 | 20231012150656.0 | ||
| 007 | ta | ||
| 008 | 20050517b un ||||| |||| 00| 0 ukr d | ||
| 020 | _a9665113852 | ||
| 040 |
_aUA-OsUOA _bukr _cUA-OsUOA _dUA-OsUOA |
||
| 041 | _aukr | ||
| 044 | _aUA | ||
| 080 | _a94(477)04 | ||
| 090 |
_a94(477)04 _bМ79 |
||
| 100 | _aМордовцева Д. Л. | ||
| 245 |
_aГайдамаччина _bісторична монографія _cД. Мордовцева |
||
| 260 |
_aДніпропетровськ _bСіч _c2003 |
||
| 300 | _a359 с. | ||
| 650 | 7 |
_2UDC _a94 Історія загалом |
|
| 942 |
_cBK _2udc |
||
| 955 | _a1 | ||
| 999 |
_c315317 _d315317 |
||